| 000 | 00449nam a2200157 i 4500 | ||
|---|---|---|---|
| 001 | bg | ||
| 100 | 1 | _aKljaus, E. M. | |
| 245 | 1 | 0 |
_aGendrik Anton Lorenc 1853-1928 / _cE.M. Kljaus, U.I. Frankfurt, A.M. Frenk. |
| 260 |
_aMoskva, _c1974. |
||
| 700 | 1 |
_aFrankfurt, Ušer. Ionovič _d(1908-1982). |
|
| 700 | 1 |
_aFrenk, Aleksandr Moiseevič _d(1928-1976). |
|
| 040 | _cBPK | ||
| 041 | _apol | ||
| 942 | _cKS | ||
| 008 | s pl f |000 0 pol | ||
| 999 |
_c26722 _d26722 |
||
| 856 |
_uhttp://koha.tu.koszalin.pl/cgi-bin/koha/opac-detail.pl?biblionumber=26722 _yKatalog online BPK |
||